000 00854nam a22002177a 4500
999 _c13226
_d13226
003 AR-CdUCM
008 190411b ||||| |||| 00| 0 spa d
040 _aMUNICIPALIDAD PROVINCIAL DEL CUSCO
_cBIBLIOTECA MUNICIPAL DEL CUSCO
082 _a330.7 /
_bV64 / 1937
100 _aVidal, Humberto
_923976
245 _aBreve resumen de economía política :
_bde conformidad con el programa oficial /
260 _aCuzco :
_bRozas Sucs,
_c1937.
300 _a130 páginas ;
_c20.5 cm.
440 _aBiblioteca didáctica ;
_931511
505 _aContenido: Las necesidades humanas -- El valor -- Diversas clases de economía -- La producción -- Factores de la producción -- El trabajo ...
650 _aEconomía
_9382
650 _aNecesidades humanas
_931512
650 _aEconomía sociedad
_931513
942 _2ddc
_cLIBROS
945 _aacv
_d2019-04-11